Statistiques concernant Les océans et les continents en 15 secondes

Cliquez ici pour prendre le quiz!

Statistiques générales

  • Ce quiz a été pris 322 fois
  • Le résultat moyen est 5 sur 11

Statistiques - réponses

Réponse% Correct
europe
67%
asie
63%
amerique
60%
afrique
59%
pacifique
51%
atlantique
50%
oceanie
47%
indien
31%
arctique
19%
antarctique
17%
austral
7%

Distribution des résultats

Percentile par nombre de réponses

% des personnes avec chaque résultat

Votre développement - résultats

Vous n’avez pas pris ce quiz